00709 2200205 4500001002100000005001500021035002000036007000300056008004100059082001100100084001700111245012100128250002100249260003800270300003700308650009500345110002100440856002900461990001300490INLIS00000000000125420260408023830 a0010-0426000008ta260408 e 0 ind  a658.15 a658.15 AUD o1 aOptmalisasi Pengawasan Untuk Mewujudkan Swasembada Pangan Menuju Lumbung Pangan Dunia 2045 /cMedia Auditor Kementan acet. 1, edisi 60 aJakarta :bAuditor Kemntan,c2022 a88 hlm :bi 88 hlm;ilus ;c23 cm 4aOptmalisasi Pengawasan Untuk Mewujudkan Swasembada Pangan Menuju Lumbung Pangan Dunia 20450 aAuditor Kementan aPerpustakaan BBPP Kupang a20260037